Odpowiedź na G - Statystyki

Ogólne statystyki
  • Ten quiz został rozwiązany 75 razy
  • Średni wynik to 9 z 15
Statystyki odpowiedzi
Opis Odpowiedź % Poprawnych
Najszybszy lądowy ssak, znany z szybkości i umiejętności polowania. Gepard
97%
Dziedzina związana z przygotowywaniem i serwowaniem jedzenia oraz zainteresowaniem kulinariami. Gastronomia
95%
Rodzaj ssaka naczelnego z rodziny człowiekowatych. Preferuje naziemny tryb życia, jest zwierzęciem roślinożernym, zamieszkuje lasy tropikalne w Afryce. Goryl
80%
Kraj w Ameryce Środkowej, charakteryzujący się różnorodnym krajobrazem, od wulkanów po starożytne ruiny Majów. Gwatemala
74%
Grupa gwiazd układających się w charakterystyczny wzór na niebie, używana do nawigacji i rozpoznawania nieba nocnego. Gwiazdozbiór
70%
Miasto w Szwajcarii, siedziba wielu międzynarodowych organizacji, w tym ONZ i Czerwonego Krzyża. Genewa
67%
Mały gada z rodziny jaszczurek, znany ze zdolności przylegania do powierzchni. Gekon
62%
Indyjski przywódca niepodległościowy i działacz pokojowy, znany ze swojej filozofii oporu cywilnego - nazwisko Gandhi
61%
Jest to kraj położony w Afryce Zachodniej. Wcześniejsza nazwa "Złote Wybrzeże" wskazywała na ważną rolę kraju w handlu złotem; kraj jest także znany z bogatej tradycji muzycznej, tańca i sztuki, z wpływami afrykańskimi, kolonialnymi i współczesnymi Ghana
59%
Drzewo liściaste z charakterystycznymi, ząbkowanymi liśćmi, występujące w Europie. Grab
59%
Proces wyrażania opinii poprzez wybór opcji lub kandydatów w wyborach lub w innych decyzjach. Głosowanie
56%
Włoski uczony, astronom i fizyk, który odegrał istotną rolę w rozwinięciu teorii heliocentrycznej. Galileusz
54%
Miasto w Meksyku, ożywione życiem kulturalnym, znane z muzyki mariachi i kolonialnej architektury. Guadalajara
31%
Proces wzrastającej integracji i współzależności między krajami i społeczeństwami na całym świecie. Globalizacja
30%
Krzew lub małe drzewo, znane ze swoich kolorowych kwiatów i owoców. Głóg
11%
Nie znaleziono quizów pasujących do podanych kryteriów
Rozkład punktacji
Procent ludzi z każdym wynikiem
Percentyl według liczby udzielonych odpowiedzi
Twoja historia wyników
Nie rozwiązałeś tego quizu